000 00793nam a2200253Ia 4500
003 OSt
005 20220923220004.0
006 a|||||r|||| 00| 0
007 ta
008 220922b |||||||| |||| 00| 0 hin d
024 _a183,388
037 _cTextual
040 _aARTS
_cARTS
_bhin
041 _2hin
_ahin
082 _aO152,1N592x, M9
100 _aगिल, गगन
245 0 _aएक दिन लौटेगी लड़की
246 _aEk din lauṭegī laड़kī
260 _aनई दिल्ली
_b राजकमल प्रकाशन
_c1989
300 _a117 पृ.
_ccm.
650 _aहिन्दी साहित्य
_9156264
942 _hO152,1N592x, M9
_cTEXL
_2CC
999 _c336724
_d336724